[Event "24th NATO Chess Championship"]
[Site "Rynia"]
[Date "2013.08.14"]
[Round "5.1"]
[White "Onley, David"]
[Black "Drabke, Lorenz Maximilian"]
[Result "0-1"]
[WhiteElo "2103"]
[BlackElo "2431"]
[PlyCount "82"]
[EventDate "2013.08.??"]
[EventType "swiss"]
[EventRounds "7"]
[EventCountry "POL"]
[WhiteTeam "ENG"]
[BlackTeam "GER"]
[WhiteTeamCountry "ENG"]
[BlackTeamCountry "GER"]

1. e4 c5 2. Nf3 e6 3. d3 Nc6 4. g3 d6 5. Bg2 Nf6 6. O-O Be7 7. Re1 O-O 8. c3
Bd7 9. d4 cxd4 10. cxd4 d5 11. Nc3 dxe4 12. Nxe4 Nxe4 13. Rxe4 Nb4 14. Ne5 Rc8
15. Nxd7 Qxd7 16. Re2 Rc4 17. Be3 Rfc8 18. Be4 Bf6 19. a3 Nd5 20. Bd3 R4c7 21.
Re1 g6 22. Qe2 Kg7 23. Rad1 a6 24. Bb1 Qd6 25. Bc1 Bxd4 26. Bh6+ Kxh6 27. Qd2+
Kg7 28. Qxd4+ Kg8 29. Ba2 Rd8 30. h4 h5 31. Re5 Rcd7 32. Bxd5 exd5 33. Rde1 Qf6
34. Re8+ Kg7 35. Qc5 Qd6 36. Qd4+ Qf6 37. Qc5 Rd6 38. Qc7 d4 39. R1e7 Rxe8 40.
Rxe8 d3 41. Re7 Rc6 0-1

[Event "24th NATO Chess Championship"]
[Site "Rynia"]
[Date "2013.08.14"]
[Round "5.2"]
[White "Van Run, Rieke"]
[Black "Helbig, Mark"]
[Result "1/2-1/2"]
[WhiteElo "2097"]
[BlackElo "2282"]
[PlyCount "156"]
[EventDate "2013.08.??"]
[EventType "swiss"]
[EventRounds "7"]
[EventCountry "POL"]
[WhiteTeam "NED"]
[BlackTeam "GER"]
[WhiteTeamCountry "NED"]
[BlackTeamCountry "GER"]

1. e4 c6 2. d4 d5 3. exd5 cxd5 4. Nf3 Nf6 5. c3 Bf5 6. Bd3 Bg6 7. Ne5 Nc6 8.
Nxg6 hxg6 9. Bf4 e6 10. Nd2 Nh5 11. Be3 Bd6 12. Nf3 Nf4 13. Bf1 Qc7 14. Qa4 O-O
15. g3 Nh5 16. Bg2 Nf6 17. O-O Rab8 18. c4 dxc4 19. Qxc4 Rbc8 20. Ng5 Nb4 21.
Qb5 Nbd5 22. Rac1 Qd7 23. Qxd7 Nxd7 24. Bxd5 exd5 25. Rxc8 Rxc8 26. Rc1 Rxc1+
27. Bxc1 Kf8 28. Kf1 Ke7 29. Ke2 Nf8 30. Nh3 Ne6 31. Kd3 f6 32. Bd2 g5 33. f3
Kd7 34. Nf2 Kc6 35. Ng4 f5 36. Ne3 g6 37. Ng2 Be7 38. Ne3 Bf6 39. Nc2 Be7 40.
Ne3 a6 41. Nc2 b6 42. Nb4+ Bxb4 43. Bxb4 Kd7 44. Ke3 g4 45. f4 Ng7 46. Bc3 Kc6
47. Kd3 Nh5 48. Bd2 Nf6 49. Bc1 Ne4 50. Be3 Kb5 51. Bg1 Kb4 52. Be3 a5 53. Bg1
Nd6 54. Be3 Nc4 55. Bc1 a4 56. Kc2 Nd6 57. Kd3 Ne4 58. Be3 b5 59. Bc1 Nf2+ 60.
Ke2 Nh3 61. Kd3 Nf2+ 62. Ke2 Ne4 63. Kd3 Ka5 64. Be3 b4 65. a3 Kb5 66. Bg1 Nd6
67. Be3 bxa3 68. bxa3 Nc4 69. Bc1 Nd6 70. Be3 Ne4 71. Bg1 Kc6 72. Be3 Kd6 73.
Kc2 Ke6 74. Kd3 Nd6 75. Kc3 Nc4 76. Bc1 Kd6 77. Kb4 Nb6 78. Ka5 Kc6 1/2-1/2

[Event "24th NATO Chess Championship"]
[Site "Rynia"]
[Date "2013.08.14"]
[Round "5.3"]
[White "Jauk, Wilhelm"]
[Black "Bielawski, Michal"]
[Result "1/2-1/2"]
[WhiteElo "2172"]
[BlackElo "2026"]
[PlyCount "34"]
[EventDate "2013.08.??"]
[EventType "swiss"]
[EventRounds "7"]
[EventCountry "POL"]
[WhiteTeam "GER"]
[BlackTeam "POL"]
[WhiteTeamCountry "GER"]
[BlackTeamCountry "POL"]

1. d4 d5 2. c4 e6 3. Nc3 Nf6 4. e3 Nbd7 5. Nf3 c6 6. Bd3 Bd6 7. e4 dxe4 8. Nxe4
Nxe4 9. Bxe4 h6 10. O-O O-O 11. Re1 Nf6 12. Bc2 c5 13. Be3 Qc7 14. Qd3 b6 15.
Ne5 Rd8 16. Qc3 Bb7 17. f3 Rac8 1/2-1/2

[Event "24th NATO Chess Championship"]
[Site "Rynia"]
[Date "2013.08.14"]
[Round "5.4"]
[White "Hansen, Stefan"]
[Black "Vuitton, Gilles"]
[Result "1/2-1/2"]
[WhiteElo "2099"]
[BlackElo "2093"]
[PlyCount "73"]
[EventDate "2013.08.??"]
[EventType "swiss"]
[EventRounds "7"]
[EventCountry "POL"]
[WhiteTeam "DEN"]
[BlackTeam "FRA"]
[WhiteTeamCountry "DEN"]
[BlackTeamCountry "FRA"]

1. Nf3 Nf6 2. c4 c5 3. g3 b6 4. Bg2 Bb7 5. O-O e6 6. Nc3 Be7 7. d4 cxd4 8. Qxd4
d6 9. Rd1 a6 10. e4 Nc6 11. Qe3 Qc7 12. h3 O-O 13. b3 Nb4 14. Qe2 Rfe8 15. a3
Nc6 16. Bb2 Na5 17. Nd2 Rac8 18. Rac1 Qb8 19. Kh2 Nc6 20. Na4 Ba8 21. b4 b5 22.
Nc3 bxc4 23. Nxc4 Qa7 24. Nxd6 Bxd6 25. Rxd6 Ne5 26. Rxa6 Qb7 27. b5 Nc4 28.
Ra4 Nb6 29. Rd4 Nfd7 30. Rcd1 Nc5 31. Qf1 e5 32. Rd6 Ne6 33. Ba1 Nd4 34. Nd5
Nc4 35. Ra6 Nxb5 36. Ra4 Nbxa3 37. Rb4 1/2-1/2

[Event "24th NATO Chess Championship"]
[Site "Rynia"]
[Date "2013.08.14"]
[Round "5.5"]
[White "Pedersen, Finn"]
[Black "Fichtner, Ewald"]
[Result "1-0"]
[WhiteElo "2303"]
[BlackElo "2018"]
[PlyCount "55"]
[EventDate "2013.08.??"]
[EventType "swiss"]
[EventRounds "7"]
[EventCountry "POL"]
[WhiteTeam "DEN"]
[BlackTeam "GER"]
[WhiteTeamCountry "DEN"]
[BlackTeamCountry "GER"]

1. c4 c6 2. d4 d5 3. cxd5 cxd5 4. Nc3 Nf6 5. Bf4 Nc6 6. e3 e6 7. Bd3 Be7 8. h3
O-O 9. Nf3 Bd7 10. O-O Nh5 11. Bh2 f5 12. Ne5 Nf6 13. Rc1 Rc8 14. a3 a6 15. b4
b5 16. Qb3 Ne4 17. Bxe4 fxe4 18. Nxd5 Nxe5 19. Nxe7+ Qxe7 20. Bxe5 Rxc1 21.
Rxc1 Rc8 22. Rxc8+ Bxc8 23. d5 Qd7 24. d6 Bb7 25. Qc3 g6 26. Bf4 h5 27. Qf6 Kh7
28. Be5 1-0

[Event "24th NATO Chess Championship"]
[Site "Rynia"]
[Date "2013.08.14"]
[Round "5.7"]
[White "Aagaard, Gert"]
[Black "Papista, Akos"]
[Result "1-0"]
[WhiteElo "2067"]
[BlackElo "2173"]
[PlyCount "35"]
[EventDate "2013.08.??"]
[EventType "swiss"]
[EventRounds "7"]
[EventCountry "POL"]
[WhiteTeam "DEN"]
[BlackTeam "HUN"]
[WhiteTeamCountry "DEN"]
[BlackTeamCountry "HUN"]

1. d4 d5 2. c4 e6 3. Nc3 Bb4 4. Nf3 dxc4 5. e3 b5 6. a4 c6 7. Bd2 a5 8. axb5
Bxc3 9. Bxc3 cxb5 10. b3 Bb7 11. Bb2 Nf6 12. bxc4 b4 13. Ne5 O-O 14. Be2 Nbd7
15. Nd3 Qc7 16. O-O Qxc4 17. Nc5 Qd5 18. Bf3 1-0

[Event "24th NATO Chess Championship"]
[Site "Rynia"]
[Date "2013.08.14"]
[Round "5.8"]
[White "Sari, Serdar"]
[Black "Van Rijn, Wouter"]
[Result "0-1"]
[WhiteElo "2052"]
[BlackElo "2216"]
[PlyCount "62"]
[EventDate "2013.08.??"]
[EventType "swiss"]
[EventRounds "7"]
[EventCountry "POL"]
[WhiteTeam "TUR"]
[BlackTeam "NED"]
[WhiteTeamCountry "TUR"]
[BlackTeamCountry "NED"]

1. d4 g6 2. e4 Bg7 3. Be3 d6 4. Nc3 Nf6 5. Be2 c6 6. g4 h5 7. gxh5 Nxh5 8. Qd2
b5 9. f4 Ng3 10. hxg3 Rxh1 11. Bf3 Rh8 12. O-O-O Qa5 13. Nge2 b4 14. Nb1 Na6
15. a3 Rb8 16. axb4 Nxb4 17. Nec3 Qa1 18. b3 a5 19. Qf2 c5 20. Kd2 cxd4 21.
Bxd4 Bxd4 22. Qxd4 Rh2+ 23. Be2 Qb2 24. Rc1 Na2 25. Re1 Nb4 26. Rc1 Be6 27. Qg1
Rh3 28. Qa7 Nc6 29. Qg1 Kf8 30. g4 Rb4 31. Bb5 Nd4 0-1

[Event "24th NATO Chess Championship"]
[Site "Rynia"]
[Date "2013.08.14"]
[Round "5.9"]
[White "Bohn, Ulrich"]
[Black "Nielsen, Henrik"]
[Result "1-0"]
[WhiteElo "2175"]
[BlackElo "2037"]
[PlyCount "55"]
[EventDate "2013.08.??"]
[EventType "swiss"]
[EventRounds "7"]
[EventCountry "POL"]
[WhiteTeam "GER"]
[BlackTeam "DEN"]
[WhiteTeamCountry "GER"]
[BlackTeamCountry "DEN"]

1. e4 c5 2. c3 d6 3. d4 Nf6 4. dxc5 dxc5 5. Qxd8+ Kxd8 6. e5 Ng4 7. f4 Nc6 8.
Nf3 f6 9. h3 Nh6 10. Bb5 Bd7 11. Be3 Nxe5 12. fxe5 b6 13. Na3 Bxb5 14. O-O-O+
Kc7 15. Nxb5+ Kc6 16. c4 Nf5 17. Bf2 g6 18. Rhe1 a6 19. Nc3 Bh6+ 20. Kc2 Rad8
21. exf6 Rxd1 22. Nxd1 exf6 23. Re6+ Kb7 24. g4 Ng7 25. Rxf6 Re8 26. g5 Bxg5
27. Nxg5 Nf5 28. Nc3 1-0

[Event "24th NATO Chess Championship"]
[Site "Rynia"]
[Date "2013.08.14"]
[Round "5.10"]
[White "Michalski, Daniel"]
[Black "Koopmeiners, Karl"]
[Result "1/2-1/2"]
[WhiteElo "2150"]
[BlackElo "2038"]
[PlyCount "36"]
[EventDate "2013.08.??"]
[EventType "swiss"]
[EventRounds "7"]
[EventCountry "POL"]
[WhiteTeam "POL"]
[BlackTeam "NATO"]
[WhiteTeamCountry "POL"]

1. d4 d5 2. Nf3 Nf6 3. c4 c6 4. Qc2 e6 5. g3 Bd6 6. Bg2 O-O 7. O-O dxc4 8. e4
Be7 9. Be3 b5 10. Nbd2 Bb7 11. b3 cxb3 12. Nxb3 Nbd7 13. Nc5 Nxc5 14. dxc5 Qa5
15. Rfd1 Rfd8 16. Ne5 Rxd1+ 17. Rxd1 Rd8 18. Nd3 Qa4 1/2-1/2

[Event "24th NATO Chess Championship"]
[Site "Rynia"]
[Date "2013.08.14"]
[Round "5.11"]
[White "Alaslar, Devrim"]
[Black "Prevot, Jean Luc"]
[Result "1-0"]
[WhiteElo "2145"]
[BlackElo "2027"]
[PlyCount "59"]
[EventDate "2013.08.??"]
[EventType "swiss"]
[EventRounds "7"]
[EventCountry "POL"]
[WhiteTeam "TUR"]
[BlackTeam "FRA"]
[WhiteTeamCountry "TUR"]
[BlackTeamCountry "FRA"]

1. e4 c6 2. d4 d5 3. exd5 cxd5 4. Bd3 Nf6 5. c3 Nc6 6. Bf4 e6 7. Nf3 a6 8. O-O
Bd6 9. Bxd6 Qxd6 10. Nbd2 O-O 11. Re1 b5 12. b4 Nh5 13. g3 g6 14. Nb3 f6 15.
Qe2 Re8 16. a4 bxa4 17. Rxa4 e5 18. dxe5 fxe5 19. b5 Bg4 20. Rxg4 axb5 21. Bxb5
e4 22. Nfd4 Nxd4 23. Nxd4 Rec8 24. Qd2 Ra3 25. Rc1 Qc5 26. Qg5 Ng7 27. Qe5 Rd8
28. Qxg7+ Kxg7 29. Ne6+ Kg8 30. Nxc5 1-0

[Event "24th NATO Chess Championship"]
[Site "Rynia"]
[Date "2013.08.14"]
[Round "5.12"]
[White "Macaspac, Arthur"]
[Black "Skwarczynski, Marcin"]
[Result "1-0"]
[WhiteElo "2107"]
[BlackElo "2014"]
[PlyCount "49"]
[EventDate "2013.08.??"]
[EventType "swiss"]
[EventRounds "7"]
[EventCountry "POL"]
[WhiteTeam "USA"]
[BlackTeam "NATO"]
[WhiteTeamCountry "USA"]

1. e4 c6 2. c4 d5 3. cxd5 cxd5 4. exd5 Qxd5 5. Nc3 Qd8 6. d4 Nf6 7. Nf3 e6 8.
Bd3 Be7 9. O-O O-O 10. Bg5 Nc6 11. Rc1 Nb4 12. Bb1 Re8 13. a3 Nbd5 14. Qd3 Nxc3
15. Rxc3 g6 16. Ba2 Bd7 17. Ne5 Rc8 18. Rfc1 Rxc3 19. Rxc3 a6 20. h4 Kg7 21.
Qf3 Bc8 22. h5 h6 23. Bxh6+ Kg8 24. hxg6 fxg6 25. Qg3 1-0

[Event "24th NATO Chess Championship"]
[Site "Rynia"]
[Date "2013.08.14"]
[Round "5.13"]
[White "Narman, Gokhan"]
[Black "Graczyk, Damian"]
[Result "1-0"]
[WhiteElo "2102"]
[BlackElo "1991"]
[PlyCount "143"]
[EventDate "2013.08.??"]
[EventType "swiss"]
[EventRounds "7"]
[EventCountry "POL"]
[WhiteTeam "TUR"]
[BlackTeam "POL"]
[WhiteTeamCountry "TUR"]
[BlackTeamCountry "POL"]

1. d4 Nf6 2. c4 e6 3. Nc3 Bb4 4. e3 O-O 5. Nge2 Ne4 6. Bd2 Bxc3 7. Nxc3 Nxc3 8.
Bxc3 f5 9. d5 Qe7 10. dxe6 dxe6 11. Be2 Nd7 12. Bf3 e5 13. Qd2 Nf6 14. O-O e4
15. Be2 Be6 16. b3 Rfd8 17. Qb2 Rd7 18. Rfd1 Rad8 19. Rxd7 Rxd7 20. Rd1 Rxd1+
21. Bxd1 Kf7 22. Be2 c5 23. Qd2 Qd7 24. Qxd7+ Nxd7 25. f4 g6 26. Kf2 Nb8 27. h3
Nc6 28. a3 a6 29. g4 h6 30. Kg3 Ne7 31. Ba5 Nc8 32. Bc7 b5 33. gxf5 gxf5 34.
cxb5 axb5 35. Bxb5 Bxb3 36. a4 Na7 37. Bd7 c4 38. Kf2 Ke7 39. Bxf5 Bxa4 40.
Bxe4 Nc6 41. Ke2 Kd7 42. Bb6 Ne7 43. Bd4 Ke6 44. Kd2 Nf5 45. Kc3 Bb3 46. Bc5
Ng3 47. Bf3 Ba2 48. e4 Bb1 49. Bg4+ Kf7 50. e5 h5 51. Bf3 Bf5 52. Kxc4 Bxh3 53.
Bf2 h4 54. Kc5 Nf5 55. Bd5+ Ke7 56. Kc6 Bf1 57. Bc5+ Ke8 58. Be6 Bg2+ 59. Kc7
Ne7 60. f5 Bh3 61. Bd7+ Kf7 62. Bxe7 Kxe7 63. f6+ Kf7 64. Bxh3 Ke8 65. e6 Kf8
66. Kd8 Kg8 67. Ke8 Kh7 68. f7 Kg6 69. f8=Q Kg5 70. Qf5+ Kh6 71. Bg4 h3 72. Kf7
1-0

[Event "24th NATO Chess Championship"]
[Site "Rynia"]
[Date "2013.08.14"]
[Round "5.14"]
[White "Kedzierski, Slawomir"]
[Black "De Cat, Ben"]
[Result "1/2-1/2"]
[WhiteElo "2095"]
[BlackElo "1914"]
[PlyCount "84"]
[EventDate "2013.08.??"]
[EventType "swiss"]
[EventRounds "7"]
[EventCountry "POL"]
[WhiteTeam "POL"]
[BlackTeam "BEL"]
[WhiteTeamCountry "POL"]
[BlackTeamCountry "BEL"]

1. d4 Nf6 2. c4 d6 3. Nc3 Nbd7 4. e4 e5 5. Nge2 c6 6. f3 Be7 7. Be3 Qc7 8. Qd2
a6 9. g3 h6 10. Bg2 g5 11. O-O Nf8 12. b4 Ng6 13. a4 Be6 14. d5 Bd7 15. a5 Qc8
16. Na4 Bd8 17. Rfc1 c5 18. Nb6 Bxb6 19. axb6 Bh3 20. Bh1 Nd7 21. bxc5 Nxc5 22.
Rcb1 f5 23. Ra5 fxe4 24. fxe4 Nd7 25. Qb4 O-O 26. Qxd6 Rf6 27. Qb4 Qe8 28. Raa1
Qf7 29. Bg2 Bxg2 30. Kxg2 Nh4+ 31. gxh4 Qh5 32. Qd2 Qf3+ 33. Kg1 gxh4 34. Rf1
Rg6+ 35. Ng3 Qxe4 36. c5 Kh8 37. Rae1 Rag8 38. Qg2 Rxg3 39. hxg3 Rxg3 40. Qxg3
hxg3 41. c6 bxc6 42. dxc6 Qxc6 1/2-1/2

[Event "24th NATO Chess Championship"]
[Site "Rynia"]
[Date "2013.08.14"]
[Round "5.15"]
[White "Cheung, Jan W"]
[Black "Leveillee, Philippe"]
[Result "1/2-1/2"]
[WhiteElo "2093"]
[BlackElo "1852"]
[PlyCount "80"]
[EventDate "2013.08.??"]
[EventType "swiss"]
[EventRounds "7"]
[EventCountry "POL"]
[WhiteTeam "NED"]
[BlackTeam "CAN"]
[WhiteTeamCountry "NED"]
[BlackTeamCountry "CAN"]

1. c4 Nf6 2. d4 e6 3. Nf3 d5 4. g3 Be7 5. Bg2 O-O 6. O-O c6 7. Qc2 Nbd7 8. b3
b6 9. Rd1 Bb7 10. Nbd2 Rc8 11. e4 Nxe4 12. Nxe4 dxe4 13. Qxe4 Nf6 14. Qc2 Qc7
15. Bf4 Bd6 16. Bxd6 Qxd6 17. c5 Qe7 18. Ne5 Nd5 19. Bxd5 cxd5 20. b4 f6 21.
Ng4 Qf7 22. Qa4 bxc5 23. bxc5 Bc6 24. Qc2 h5 25. Ne3 g6 26. f4 Kg7 27. Rf1 Qd7
28. Ng2 e5 29. fxe5 fxe5 30. dxe5 d4 31. Rf6 Rxf6 32. exf6+ Kxf6 33. Rf1+ Kg7
34. Nf4 Qe8 35. Qe2 Qxe2 36. Nxe2 Bb5 37. Re1 Re8 38. Kf2 Rf8+ 39. Kg1 Re8 40.
Kf2 Rf8+ 1/2-1/2

[Event "24th NATO Chess Championship"]
[Site "Rynia"]
[Date "2013.08.14"]
[Round "5.16"]
[White "Pazeriene, Diana"]
[Black "Ranario, Dan"]
[Result "0-1"]
[WhiteElo "2025"]
[BlackElo "2062"]
[PlyCount "116"]
[EventDate "2013.08.??"]
[EventType "swiss"]
[EventRounds "7"]
[EventCountry "POL"]
[WhiteTeam "LTU"]
[BlackTeam "USA"]
[WhiteTeamCountry "LTU"]
[BlackTeamCountry "USA"]

1. d4 Nf6 2. c4 e6 3. Nf3 b6 4. a3 Bb7 5. Nc3 d5 6. Bg5 Be7 7. e3 Nbd7 8. Bd3
h6 9. Bh4 O-O 10. O-O c5 11. Rc1 cxd4 12. exd4 dxc4 13. Bxc4 Ne4 14. Bxe7 Qxe7
15. Nxe4 Bxe4 16. Re1 Bxf3 17. Qxf3 Qd6 18. Qe4 Nf6 19. Qh4 Rfd8 20. Rcd1 Rac8
21. Bb3 a5 22. Rd2 b5 23. Red1 a4 24. Bc2 b4 25. Bxa4 bxa3 26. bxa3 Qxa3 27.
Bb5 Rc1 28. h3 Qb4 29. Rxc1 Qxd2 30. Rc4 Qa2 31. Kh2 Qb3 32. Rc5 Qb4 33. Qf4
Qxd4 34. Qxd4 Rxd4 35. Rc8+ Kh7 36. Rc7 Kg6 37. Rc3 h5 38. Bd3+ Kh6 39. g3 g6
40. Kg2 Kg7 41. Be2 h4 42. Kf3 hxg3 43. fxg3 Nd5 44. Rc8 Ra4 45. Rc4 Ra3+ 46.
Kf2 g5 47. h4 gxh4 48. Rxh4 f5 49. Rd4 Nf6 50. Bf3 e5 51. Rb4 e4 52. Be2 Kg6
53. Rb5 Kg5 54. Re5 Ng4+ 55. Bxg4 Kxg4 56. Re8 Rf3+ 57. Ke2 Kxg3 58. Rh8 Ra3
0-1

[Event "24th NATO Chess Championship"]
[Site "Rynia"]
[Date "2013.08.14"]
[Round "5.17"]
[White "Ergonen, Arda"]
[Black "Hater, David"]
[Result "1/2-1/2"]
[WhiteElo "2022"]
[BlackElo "2147"]
[PlyCount "75"]
[EventDate "2013.08.??"]
[EventType "swiss"]
[EventRounds "7"]
[EventCountry "POL"]
[WhiteTeam "TUR"]
[BlackTeam "USA"]
[WhiteTeamCountry "TUR"]
[BlackTeamCountry "USA"]

1. e4 e5 2. Nf3 Nc6 3. Bc4 Bc5 4. d3 Nf6 5. Nc3 d6 6. Bg5 Na5 7. Bb3 Nxb3 8.
axb3 c6 9. O-O Bg4 10. h3 Bh5 11. Na4 Bb4 12. Bxf6 gxf6 13. g4 Bg6 14. Nh4 h5
15. Nxg6 fxg6 16. f4 b5 17. Nc3 Bc5+ 18. Kg2 Qe7 19. Qf3 O-O-O 20. fxe5 fxe5
21. Qf6 Qxf6 22. Rxf6 hxg4 23. hxg4 Rh4 24. Rh1 Rxg4+ 25. Kf3 Rg1 26. Rxg1 Bxg1
27. Rxg6 Rf8+ 28. Ke2 Bc5 29. Nd1 Rh8 30. Rg2 Rh7 31. c3 a5 32. Ne3 Bxe3 33.
Kxe3 Rh3+ 34. Kd2 Kc7 35. Rg6 Rh2+ 36. Kc1 Rh1+ 37. Kc2 Rh2+ 38. Kc1 1/2-1/2

[Event "24th NATO Chess Championship"]
[Site "Rynia"]
[Date "2013.08.14"]
[Round "5.18"]
[White "Karbowiak, Adam"]
[Black "Kocur, Marc"]
[Result "1/2-1/2"]
[WhiteElo "2167"]
[BlackElo "1866"]
[PlyCount "81"]
[EventDate "2013.08.??"]
[EventType "swiss"]
[EventRounds "7"]
[EventCountry "POL"]
[WhiteTeam "POL"]
[BlackTeam "BEL"]
[WhiteTeamCountry "POL"]
[BlackTeamCountry "BEL"]

1. Nf3 d6 2. g3 c5 3. c4 Nc6 4. Bg2 g6 5. O-O Bg7 6. Nc3 e5 7. a3 Nge7 8. Rb1
a5 9. d3 O-O 10. Nd5 Nxd5 11. cxd5 Ne7 12. Ne1 b6 13. b4 axb4 14. axb4 Bd7 15.
Bb2 Ba4 16. Qd2 Qc7 17. f4 Bh6 18. e3 exf4 19. gxf4 Nf5 20. Nf3 Qe7 21. e4 Nh4
22. Qc3 Nxf3+ 23. Rxf3 f6 24. Ra1 Bg7 25. Bh3 Bd7 26. Bxd7 Rxa1+ 27. Bxa1 Qxd7
28. f5 Qa4 29. bxc5 Qd1+ 30. Rf1 Qg4+ 31. Kh1 Qe2 32. Qe1 Qxe1 33. Rxe1 bxc5
34. fxg6 hxg6 35. Bc3 f5 36. Bxg7 Kxg7 37. Kg2 fxe4 38. dxe4 Kf6 39. Rf1+ Ke7
40. Re1 Kf6 41. Rf1+ 1/2-1/2

[Event "24th NATO Chess Championship"]
[Site "Rynia"]
[Date "2013.08.14"]
[Round "5.19"]
[White "Maes, Patrick"]
[Black "Picart, Laurent"]
[Result "0-1"]
[WhiteElo "2017"]
[BlackElo "2109"]
[PlyCount "68"]
[EventDate "2013.08.??"]
[EventType "swiss"]
[EventRounds "7"]
[EventCountry "POL"]
[WhiteTeam "BEL"]
[BlackTeam "FRA"]
[WhiteTeamCountry "BEL"]
[BlackTeamCountry "FRA"]

1. e4 c6 2. d3 d5 3. Nd2 e5 4. Ngf3 Bd6 5. g3 Nf6 6. Bg2 O-O 7. O-O dxe4 8.
dxe4 Nbd7 9. c3 a5 10. Nc4 Bc7 11. Qc2 b5 12. Ne3 g6 13. Rd1 Qe7 14. a4 bxa4
15. Nc4 Nc5 16. Bg5 Qe6 17. Nfd2 Kg7 18. Be3 Nfd7 19. f4 Ba6 20. Nxe5 Bxe5 21.
fxe5 Bd3 22. Qc1 Be2 23. Nf3 Bxd1 24. Nd4 Qg4 25. Bh6+ Kg8 26. Bxf8 Rxf8 27.
Qxd1 Qxd1+ 28. Rxd1 Nxe5 29. h3 Rb8 30. Rd2 Rb6 31. Bf1 h5 32. Kg2 Nxe4 33. Re2
f5 34. Nf3 Nd3 0-1

[Event "24th NATO Chess Championship"]
[Site "Rynia"]
[Date "2013.08.14"]
[Round "5.20"]
[White "Kruit, Erik"]
[Black "Oltean, Gusztav"]
[Result "1-0"]
[WhiteElo "2011"]
[BlackElo "2084"]
[PlyCount "83"]
[EventDate "2013.08.??"]
[EventType "swiss"]
[EventRounds "7"]
[EventCountry "POL"]
[WhiteTeam "NED"]
[BlackTeam "HUN"]
[WhiteTeamCountry "NED"]
[BlackTeamCountry "HUN"]

1. e4 c5 2. Nf3 e6 3. d4 cxd4 4. c3 d3 5. c4 Nc6 6. Bxd3 Nf6 7. O-O d6 8. Nc3
Be7 9. Qe2 O-O 10. Rd1 Qc7 11. Bf4 e5 12. Nd5 Nxd5 13. exd5 exf4 14. dxc6 bxc6
15. Qe4 g6 16. Qxf4 c5 17. Qh6 f5 18. Bf1 Bf6 19. Rd2 Rb8 20. Rad1 Rxb2 21.
Rxd6 Bd4 22. Ng5 Bxf2+ 23. Kh1 Qg7 24. Qh3 f4 25. Rd7 Kh8 26. Rxg7 Bxh3 27.
Rxh7+ Kg8 28. Rxh3 Rxa2 29. Rb3 Re8 30. Rb7 a5 31. Ra7 a4 32. Ne4 Bd4 33. Nd6
Rf8 34. Nb5 f3 35. Nxd4 fxg2+ 36. Bxg2 cxd4 37. Bd5+ Kh8 38. c5 Rc2 39. c6 d3
40. Rxa4 d2 41. Rd4 Rf2 42. Bc4 1-0

[Event "24th NATO Chess Championship"]
[Site "Rynia"]
[Date "2013.08.14"]
[Round "5.21"]
[White "Waruga, Wojciech"]
[Black "Keough, Robert W"]
[Result "1/2-1/2"]
[WhiteElo "2008"]
[BlackElo "2077"]
[PlyCount "116"]
[EventDate "2013.08.??"]
[EventType "swiss"]
[EventRounds "7"]
[EventCountry "POL"]
[WhiteTeam "NATO"]
[BlackTeam "USA"]
[BlackTeamCountry "USA"]

1. e4 c5 2. Nf3 e6 3. c4 Qc7 4. Nc3 a6 5. Be2 Nc6 6. O-O Nd4 7. Nxd4 cxd4 8.
Nb1 Bd6 9. g3 h5 10. d3 h4 11. f4 hxg3 12. hxg3 b5 13. b3 Bb7 14. Bf3 Ne7 15.
Kg2 g5 16. e5 Bc5 17. fxg5 Nf5 18. Bxb7 Qxb7+ 19. Qf3 Qxf3+ 20. Rxf3 Ke7 21.
Nd2 Ne3+ 22. Rxe3 dxe3 23. Nf3 bxc4 24. bxc4 e2 25. g6 fxg6 26. Bg5+ Ke8 27.
Re1 Be7 28. Be3 Rb8 29. Rxe2 Rb1 30. d4 Ba3 31. d5 Rb2 32. Rxb2 Bxb2 33. d6 Kf7
34. c5 Rc8 35. Kh3 Ba3 36. Ng5+ Ke8 37. Ne4 Rb8 38. Bg5 Kf7 39. Bf6 Rc8 40.
Ng5+ Ke8 41. Ne4 Bxc5 42. Be7 Kf7 43. Nf6 Bb6 44. Nxd7 Rh8+ 45. Kg4 Bd8 46.
Bxd8 Rxd8 47. Nc5 Rc8 48. Nxa6 Rc4+ 49. Kf3 Ra4 50. Nc5 Rxa2 51. Ne4 Ra3+ 52.
Kf4 Ra4 53. Kf3 Ke8 54. Nc5 Ra3+ 55. Kf4 Kf7 56. Ne4 Ra4 57. Kf3 Ra3+ 58. Kf4
Ra4 1/2-1/2

[Event "24th NATO Chess Championship"]
[Site "Rynia"]
[Date "2013.08.14"]
[Round "5.22"]
[White "Dekker, Ard"]
[Black "Tucker, David Sidney"]
[Result "1/2-1/2"]
[WhiteElo "1908"]
[BlackElo "2069"]
[PlyCount "61"]
[EventDate "2013.08.??"]
[EventType "swiss"]
[EventRounds "7"]
[EventCountry "POL"]
[WhiteTeam "NED"]
[BlackTeam "ENG"]
[WhiteTeamCountry "NED"]
[BlackTeamCountry "ENG"]

1. d4 Nf6 2. c4 c5 3. d5 g6 4. Nc3 Bg7 5. e4 d6 6. Be2 O-O 7. h3 e6 8. Nf3 Re8
9. O-O Na6 10. a3 Nc7 11. Rb1 b6 12. Bf4 exd5 13. exd5 Bf5 14. Bd3 Ne4 15. Nxe4
Bxe4 16. Be3 Qd7 17. Ng5 Bf5 18. Qc2 Bxd3 19. Qxd3 b5 20. b3 Rab8 21. Ne4 Qf5
22. f3 Qe5 23. Bf2 f5 24. Ng3 Kf8 25. Rfd1 Rb7 26. Nf1 bxc4 27. bxc4 Reb8 28.
Rxb7 Rxb7 29. Re1 Qf6 30. Qc2 Qf7 31. Qa4 1/2-1/2

[Event "24th NATO Chess Championship"]
[Site "Rynia"]
[Date "2013.08.14"]
[Round "5.23"]
[White "Mottais, Francois"]
[Black "Sycz, Dariusz"]
[Result "0-1"]
[WhiteElo "2055"]
[BlackElo "2020"]
[PlyCount "50"]
[EventDate "2013.08.??"]
[EventType "swiss"]
[EventRounds "7"]
[EventCountry "POL"]
[WhiteTeam "FRA"]
[BlackTeam "POL"]
[WhiteTeamCountry "FRA"]
[BlackTeamCountry "POL"]

1. d4 d5 2. c4 c6 3. Nc3 dxc4 4. e4 b5 5. a4 b4 6. Na2 e6 7. Bxc4 a5 8. Nf3 Nf6
9. e5 Nd5 10. O-O Be7 11. Be3 O-O 12. Nc1 Nxe3 13. fxe3 c5 14. Nb3 Nd7 15. Rc1
Nb6 16. Bb5 c4 17. Nbd2 c3 18. bxc3 Nd5 19. Bc6 Nxe3 20. Qb3 Nxf1 21. Bxa8 Nxd2
22. Nxd2 Bg5 23. Rd1 Ba6 24. Bf3 Bxd2 25. Rxd2 Qg5 0-1

[Event "24th NATO Chess Championship"]
[Site "Rynia"]
[Date "2013.08.14"]
[Round "5.24"]
[White "Kartal, Koray"]
[Black "Wagenaar, Harm Theo"]
[Result "0-1"]
[WhiteElo "1997"]
[BlackElo "2054"]
[PlyCount "123"]
[EventDate "2013.08.??"]
[EventType "swiss"]
[EventRounds "7"]
[EventCountry "POL"]
[WhiteTeam "TUR"]
[BlackTeam "NATO"]
[WhiteTeamCountry "TUR"]

1. d4 d5 2. c4 c6 3. Nf3 Nf6 4. Nc3 dxc4 5. a4 Bf5 6. e3 e6 7. Bxc4 Bb4 8. O-O
O-O 9. Qe2 Bg4 10. h3 Bxf3 11. Qxf3 Nbd7 12. Rd1 Rc8 13. Na2 Be7 14. b4 Nb6 15.
Bb3 Nbd5 16. Bd2 a6 17. e4 Nc7 18. Be3 Ra8 19. Rac1 Qd7 20. g4 Rfc8 21. g5 Nfe8
22. h4 Bf8 23. a5 Nb5 24. Rd2 Nec7 25. h5 Qe8 26. Kh1 Rd8 27. Qg3 Rd7 28. Rcd1
Rad8 29. g6 fxg6 30. hxg6 Qxg6 31. Qxg6 hxg6 32. Kg2 Be7 33. f4 Rf8 34. Kg3 Bd6
35. Kg4 Be7 36. Rh1 Nd6 37. Kf3 Kf7 38. Rg1 Rh8 39. Rg3 Nde8 40. Rdg2 Bf6 41.
Rd2 Rh5 42. Bc2 Bh4 43. Rg1 Nd6 44. Bd3 Be7 45. Bf1 Rd8 46. Rg3 Rdh8 47. Rdg2
Rh3 48. Bf2 Rxg3+ 49. Rxg3 Rh4 50. Bg1 Rh5 51. Nc1 Ndb5 52. Nd3 Bd6 53. Nc5
Bxc5 54. dxc5 Rh8 55. Bc4 Rd8 56. f5 gxf5 57. exf5 Nd4+ 58. Kf4 Nxf5 59. Rg2
Nd5+ 60. Ke5 Rh8 61. Rg4 Rh5 62. Ke4 0-1